| 000 | 01081nam a22002177a 4500 | ||
|---|---|---|---|
| 003 | OSt | ||
| 005 | 20260122194319.0 | ||
| 008 | 230308b ||||| |||| 00| 0 eng d | ||
| 040 | _cOst | ||
| 041 | _ashan | ||
| 082 | _a294.3 | ||
| 245 |
_aပပ်ႉထမ်းၵႃႇထႃႇယွတ်ႈပိတၵၢတ်ႈသၢမ်ၵွင်ၵႃႇထႃႇၶျီႉၼႃႉပၼ်းၶျွၼ်းလႄႈၵႂၢမ်းဝႆႈၽြႃး _cငိူၼ်ႈၾႃႉသႅၼ်ဝီ ႁွင်ႉလုင်းၸၢမ်ႇမျႃႉ ၶပ်ႉၶိုင်- |
||
| 250 | _aပွၵ်ႈၵမ်း-2 | ||
| 260 |
_aၵဵင်းမႂ်ႇ _c2010 |
||
| 300 |
_a54 ၼႃႈ _bၶႅပ်းႁၢင်ႈ (သီ) _c21 ၸိၼ်ႇထီႇ |
||
| 500 | _aS-SAT: Dr. Prof Sai Aung Tun | ||
| 500 | _aပပ်ႉၸဝ်ႈတႃႇၼႁၢင်းၶေႃႈ တွၵ်ႉတိူဝ်ႉၸၢႆးဢွင်ႇထုၼ်း။ | ||
| 650 | _aပုတ်ႉထၽႃႇသႃႇ | ||
| 942 | _cBK1 | ||
| 942 | _2ddc | ||
| 999 |
_c22991 _d22991 |
||